Essentials of Urban Design/ Mark Sheppard (Record no. 588818)

000 -LEADER
fixed length control field 01040nam a22001817a 4500
003 - CONTROL NUMBER IDENTIFIER
control field NUST
005 - DATE AND TIME OF LATEST TRANSACTION
control field 20220316191542.0
008 - FIXED-LENGTH DATA ELEMENTS--GENERAL INFORMATION
fixed length control field 220316b ||||| |||| 00| 0 eng d
020 ## - INTERNATIONAL STANDARD BOOK NUMBER
International Standard Book Number 9780643108769
022 ## - INTERNATIONAL STANDARD SERIAL NUMBER
Source 9780643108769
038 ## - RECORD CONTENT LICENSOR
Staff Name SAIF
082 ## - DEWEY DECIMAL CLASSIFICATION NUMBER
Edition number 307.1216
Classification number SHE
245 ## - TITLE STATEMENT
Title Essentials of Urban Design/ Mark Sheppard
260 ## - PUBLICATION, DISTRIBUTION, ETC.
Linkage CSIRO
Place of publication, distribution, etc. Australia
Date of publication, distribution, etc. 2015
500 ## - GENERAL NOTE
General note Essentials of Urban Design explains the fundamental concepts of urban design, providing the understanding and tools needed to achieve better design outcomes. It is equally useful for designing places and evaluating designs.<br/><br/>Each chapter outlines the key steps in designing or assessing a different type of development. All common types of urban development are addressed, from infill buildings to whole urban growth areas, residential to employment uses, and centers to public transport interchanges. For each development type, widely accepted urban design principles are explained, and rules of thumb provided.
563 ## - BINDING INFORMATION
Binding note H.B
942 ## - ADDED ENTRY ELEMENTS (KOHA)
Source of classification or shelving scheme
Koha item type Book
Holdings
Withdrawn status Lost status Source of classification or shelving scheme Damaged status Not for loan Permanent Location Current Location Date acquired Total Checkouts Full call number Barcode Date last seen Date last checked out Price effective from Koha item type
          School of Civil and Environmental Engineering (SCEE) School of Civil and Environmental Engineering (SCEE) 03/16/2022 2 307.1216 SHE NIT-13562 04/24/2025 02/28/2024 03/16/2022 Book
© 2023 Central Library, National University of Sciences and Technology. All Rights Reserved.